Organisation for communications and transit : (Record no. 58706)
[ view plain ]
| 000 -LEADER | |
|---|---|
| fixed length control field | 00869nam a2200253 a 4500 |
| 001 - CONTROL NUMBER | |
| control field | 58706 |
| 003 - CONTROL NUMBER IDENTIFIER | |
| rucl marc code | BD-RjUL |
| 005 - DATE AND TIME OF LATEST TRANSACTION | |
| control field | 20211209080641.0 |
| 008 - FIXED-LENGTH DATA ELEMENTS--GENERAL INFORMATION | |
| fixed length control field | 190310s1934 sq b 000 0 eng |
| 035 ## - SYSTEM CONTROL NUMBER | |
| System control number | (BD-RjUL)58830 |
| 040 ## - CATALOGING SOURCE | |
| Original cataloging agency | DLC |
| Transcribing agency | DLC |
| Modifying agency | BD-RjUL |
| Language of cataloging | eng |
| 041 ## - LANGUAGE CODE | |
| Language code of text/sound track or separate title | eng |
| 082 00 - DEWEY DECIMAL CLASSIFICATION NUMBER | |
| Edition number | 23 |
| Classification number | 380 |
| Author mark and year | LEO 1934 |
| 110 ## - MAIN ENTRY--CORPORATE NAME | |
| Corporate name or jurisdiction name as entry element | League of Nations. |
| 9 (RLIN) | 229151 |
| 245 00 - TITLE STATEMENT | |
| Title | Organisation for communications and transit : |
| Remainder of title | Enquiry on national public works / |
| Statement of responsibility, etc. | League of Nations. |
| 260 ## - PUBLICATION, DISTRIBUTION, ETC. (IMPRINT) | |
| Place of publication, distribution, etc. | Geneva: |
| Date of publication, distribution, etc. | 1934 |
| 300 ## - PHYSICAL DESCRIPTION | |
| Pagination | 281 p.: |
| Illustrations | ill.; |
| Size | 27 cm. |
| 500 ## - GENERAL NOTE | |
| General note | C.482. M.209. 1934. VIII |
| General note | At head of title: ... Geneva, October 31st, 1934. League of nations. Series of League of nations publications. VIII. Transit. 1934. VIII. 8. |
| 504 ## - BIBLIOGRAPHY, ETC. NOTE | |
| Bibliography, etc | Includes bibliography |
| 650 ## - SUBJECT ADDED ENTRY--TOPICAL TERM | |
| Topical term or geographic name as entry element | Public works |
| 9 (RLIN) | 229149 |
| Topical term or geographic name as entry element | Communications |
| 9 (RLIN) | 229150 |
| 942 ## - ADDED ENTRY ELEMENTS (KOHA) | |
| Source of classification or shelving scheme | Dewey Decimal Classification |
| Koha item type | Books |
| Lost status | Source of classification or shelving scheme | Damaged status | Not for loan | Collection code | Permanent Location | Current Location | Shelving location | Date acquired | Source of acquisition | Cost, normal purchase price | Total Checkouts | Full call number | Date last seen | Copy number | Koha item type |
|---|---|---|---|---|---|---|---|---|---|---|---|---|---|---|---|
| Dewey Decimal Classification | Not For Loan | Non-fiction | Central Library, University of Rajshahi | Central Library, University of Rajshahi | Reading Room | 15/02/1962 | A.I. Qureshi | 10.60 | 380 LEO 1934 | 10/03/2019 | C-1 | Books |